Loading...
| Beliefs | 0 | 5 | 0 | 0 | 50 | 89 | 107.20 | 0 | 5 |
| Social Science | 1 | 4 | 1 | 1 | 50 | 63 | 98.60 | 1 | 3 |
| History - European History | 2 | 2 | 1 | 0 | 45 | 53 | 59.25 | 1 | 4 |
| Science - Biology | 0 | 4 | 0 | 0 | 40 | 83 | 101.75 | 3 | 4 |
| History - American History | 1 | 2 | 0 | 0 | 35 | 48 | 95.33 | 1 | 2 |
| Science - Other Science | 0 | 3 | 0 | 0 | 30 | 75 | 104.00 | 1 | 2 |
| Philosophy | 0 | 3 | 0 | 1 | 30 | 115 | 121.67 | 0 | 0 |
| History - World History | 0 | 3 | 0 | 1 | 30 | 94 | 102.67 | 1 | 2 |
| Geography | 1 | 1 | 0 | 0 | 25 | 72 | 84.00 | 1 | 1 |
| History - Ancient History | 1 | 1 | 0 | 0 | 25 | 63 | 95.50 | 1 | 2 |
| History - Other History | 0 | 2 | 0 | 0 | 20 | 78 | 89.00 | 0 | 1 |
| Science - Chemistry | 0 | 2 | 0 | 0 | 20 | 79 | 100.00 | 1 | 1 |
| Literature - American Literature | 0 | 2 | 0 | 1 | 20 | 147 | 148.00 | 0 | 0 |
| Literature - European Literature | 1 | 1 | 1 | 0 | 20 | 46 | 90.50 | 1 | 1 |
| Auditory Arts | 0 | 1 | 0 | 0 | 10 | 128 | 128.00 | 0 | 0 |
| Fine Arts - Other Arts | 0 | 1 | 0 | 0 | 10 | 93 | 93.00 | 0 | 0 |
| Literature - British Literature | 0 | 1 | 0 | 0 | 10 | 111 | 111.00 | 0 | 1 |
| Other Academic | 0 | 1 | 0 | 0 | 10 | 74 | 74.00 | 0 | 0 |
| Science - Physics | 0 | 1 | 1 | 1 | 5 | 125 | 125.00 | 0 | 0 |
| Current Events | 0 | 1 | 1 | 0 | 5 | 62 | 62.00 | 1 | 1 |
| Visual Arts | 0 | 1 | 1 | 1 | 5 | 140 | 140.00 | 0 | 0 |
| Literature - World Literature | 0 | 0 | 0 | 0 | 0 | 0.00 | 0 | 0 |